|
|
|
|
| LEADER |
00000nab a2200000 a 4500 |
| 001 |
vtls000891347 |
| 003 |
SK-MaSNL |
| 005 |
20260304215612.0 |
| 008 |
040720e19940211xo 0 slo |
| 035 |
|
|
|a KE387
|
| 040 |
|
|
|a KEVKJB
|b slo
|c KEVKJB
|e AACR2
|
| 041 |
0 |
|
|a slo
|
| 044 |
|
|
|a xo
|c SK
|
| 080 |
|
|
|a 792
|2 1981
|
| 080 |
|
|
|a 929
|2 1981
|
| 100 |
1 |
|
|a Skřepek, Roman,
|d 1931-2001
|4 aut
|9 250883
|
| 245 |
1 |
0 |
|a Osobnosti košickej opery
|b Seriál k znovuotvoreniu budovy Štátneho divadla
|
| 600 |
1 |
7 |
|a Jakubek, Imrich,
|d 1922-1969
|2 snkbucl
|9 201186
|
| 610 |
2 |
7 |
|a Štátne divadlo Košice.
|b Opera
|2 KEVKJB
|9 125500
|
| 773 |
0 |
8 |
|t Košický večer
|g Roč. 5
|g Roč. 28, č.29, 11.2.1994, s. 7
|
| 852 |
|
|
|a ZVYKNI
|b KIS3GCP
|
| 999 |
|
|
|c 3147360
|d 3149290
|